Statistiken für 100-1 Speed-Typing

Klicken Sie hier um das Quiz zu spielen!

Allgemein

  • Dieses Quiz wurde 346 mal gespielt
  • Das Durchschnittsergebnis liegt bei 48 aus 100

Antwortstatistiken

#% Korrekt
100
99%
99
96%
98
95%
96
94%
97
94%
92
93%
93
93%
94
93%
95
93%
90
92%
91
92%
88
90%
89
90%
81
89%
82
89%
83
89%
84
89%
85
89%
86
89%
87
89%
80
87%
78
84%
79
84%
77
81%
75
79%
76
79%
73
76%
74
76%
72
75%
71
74%
70
72%
69
70%
68
68%
67
67%
66
65%
65
64%
64
62%
63
61%
62
60%
61
59%
60
57%
59
55%
58
53%
57
52%
56
51%
55
50%
54
49%
52
48%
53
48%
51
47%
50
43%
49
41%
47
39%
48
39%
44
36%
45
36%
46
36%
43
34%
42
32%
41
31%
40
28%
39
27%
37
26%
38
26%
35
24%
36
24%
32
22%
33
22%
34
22%
31
21%
27
19%
28
19%
29
19%
30
19%
24
17%
25
17%
26
17%
22
16%
23
16%
21
15%
20
14%
19
13%
14
12%
15
12%
16
12%
17
12%
18
12%
12
11%
13
11%
10
10%
11
10%
1
7%
2
7%
3
7%
4
7%
5
7%
6
7%
7
7%
8
7%
9
7%

Verteilung der Resultate

Perzentil nach korrekt beantworteten Fragen

Anzahl Personen mit jedem Resultat

Ihre Resultats-Entwicklung

Sie haben dieses Quiz noch nicht gespielt